书目信息 |
| 题名: |
中文版WindowsXP注册表应用与开发实例
|
|
| 作者: | 胡辰浩 , 李万红 编著 | |
| 分册: | ||
| 出版信息: | 北京 清华大学出版社 2002.01 |
|
| 页数: | 325页 | |
| 开本: | 26cm | |
| 丛书名: | ||
| 单 册: | ||
| 中图分类: | TP316.7 | |
| 科图分类: | ||
| 主题词: | 软件 | |
| 电子资源: | ||
| ISBN: | 7-302-05027-9 | |
| 000 | 00675nam0 2200205 45 | |
| 001 | 0241518166 | |
| 005 | 2002052011315812 | |
| 010 | @a7-302-05027-9@dRMB 32.00 | |
| 100 | @a20020520d2002 km y0chiy0120 ea | |
| 101 | 0 | @achi |
| 102 | @aCN@b110000 | |
| 200 | 1 | @a中文版WindowsXP注册表应用与开发实例@AZhong Wen Ban WindowsXP Zhu Ce Biao Ying Yong Yu Kai Fa Shi Li@f胡辰浩,李万红等编著@FHu Chen Hao,Li Wan Hong Deng Bian Zhu |
| 210 | @a北京@c清华大学出版社@d2002.01 | |
| 215 | @a325页@d26cm | |
| 606 | 0 | @a软件 |
| 690 | @aTP316.7@v3 | |
| 701 | 0 | @a胡辰浩@AHu Chen Hao@4编著 |
| 701 | 0 | @a李万红@ALi Wan Hong@4编著 |
| 801 | 0 | @aCN@bPFT@c20020520 |
| 905 | @a安徽大学@dTP316.7@eH452 | |
| 中文版WindowsXP注册表应用与开发实例/胡辰浩,李万红等编著.-北京:清华大学出版社,2002.01 |
| 325页;26cm |
| ISBN 7-302-05027-9:RMB 32.00 |
| ● |
| 相关链接 |
|
|
|
正题名:中文版WindowsXP注册表应用与开发实例
索取号:TP316.7/H452
 
预约/预借
| 序号 | 登录号 | 条形码 | 馆藏地/架位号 | 状态 | 备注 |
| 1 | 354326 | 203543264 | 自科库301/301自科库 87排1列2层/ [索取号:TP316.7/H452] | 在馆 | |
| 2 | 354327 | 203543273 | 期刊室512/301自科库 51排7列4层/ [索取号:TP316.7/H452] | 在馆 |